| 000 | 00535nam a2200217Ia 4500 | ||
|---|---|---|---|
| 008 | 170918s9999 xx 000 0 und d | ||
| 020 | _a9780545341073 | ||
| 050 | _bS857th 2012 | ||
| 100 | _aStilton, Geronimo | ||
| 245 | _aThea Stilton : | ||
| 245 | _band the secret of the old castle / | ||
| 245 | _cby Geronimo Stilton. | ||
| 260 | _aNew York : | ||
| 260 | _bScholastic, | ||
| 260 | _c2012 | ||
| 300 | _a159 pages : | ||
| 300 | _bcolor illustrations ; | ||
| 300 | _c19cm. | ||
| 300 | _eThea Stilton. | ||
| 500 | _a740 | ||
| 999 |
_c344103 _d344103 |
||